000 00781nam a22002537a 4500
005 20170123162326.0
010 _aA-688382
020 _c80.00
035 _aA-688382
037 _bCen Lib/Ret
040 _aDPL
_bUR
082 _aک
_bم ی ر
100 _aمیراز ادیب
_9119619
245 _aصحر انورد کے جطوط /
_cمیراز ادیب
246 _aSahar anwarad ke khatoot /
_bby Meraz Adeeb
260 _aنیی دہلی
_bنیی آواز
_c1993
270 _bنیی دہلی
_e110025
_aجامیہ نگر
300 _a384p.
_c20cm(Hb)
650 _aاردو ادب
_9119620
650 _aاردو افسانے
_x
_9889
650 _v
_aUrdu literature
_9119621
650 _aUrdu stories
_9119622
942 _2ddc
_cUR
_hک
_mم ی ر
999 _c107475
_d107475